The leopard

Guardado en:
Detalles Bibliográficos
Autor principal: Giuseppe Tomasi di Lampedusa
Formato: Libro
Lenguaje:Undetermined
Publicado: London Everyman's Library 1991
Materias:
Etiquetas: Agregar Etiqueta
Sin Etiquetas, Sea el primero en etiquetar este registro!
Thư viện lưu trữ: Trung tâm Học liệu Trường Đại học Cần Thơ
LEADER 00524nam a2200181Ia 4500
001 CTU_27351
008 210402s9999 xx 000 0 und d
082 |a 853.9 
082 |b L237 
100 |a Giuseppe Tomasi di Lampedusa 
245 4 |a The leopard 
245 0 |c Giuseppe Tomasi di Lampedusa, Archibald Colquhoun 
260 |a London 
260 |b Everyman's Library 
260 |c 1991 
650 |a italian literature - 20th century 
904 |i Minh, 981216 
980 |a Trung tâm Học liệu Trường Đại học Cần Thơ